000 nam a22 7a 4500
999 _c7359
_d7359
008 170817b xxu||||| |||| 00| 0 eng d
100 _aHarvey Greg
_93897
245 _a1-2-3 For Dummies
260 _aNew delhi
_bIDG Books
_c1993